000 00320nam a2200121 a 4500
008 100914s1965|||| d
245 1 0 _aBarón Goldring sa vracia
100 1 _aDolď-Mychajlyk, J.
020 _c18
044 _axo
_cSK
041 _aslo
260 _bVydavateľstvo politickej literatúry
_c1965
_aBratislava
999 _c10297
_d10297